=LDR 00000nam 2200000 4500 =001 INLIS000000000026417 =005 20201202022107 =035 ##$$a 0010-061300000026417 =008 201202################g##########0#ind## =041 ##$$a ind =082 ##$$a 332.1 =090 ##$$a 332.1, REE b =100 ##$$a Reed, Edward W =245 1#$$a Bank umum /$c Edward W. Reed, Edward K. Gill =260 ##$$a Jakarta :$b Bumi Aksara,$c 1995 =300 ##$$a ix, 398 hlm., ; $c 24 x 17 cm. =650 #4$$a Bank dan Perbankan =700 #$$a Gill, Edward K =850 ##$$a NBPNMAT =084 ##$$a 332.1 REE b =250 ##$$a Edisi keempat =990 ##$$a 10.795/Pro.97 =990 ##$$a 10.796/Pro.97 =990 ##$$a 12661266 =990 ##$$a 10.795/Pro.97 =990 ##$$a 10.796/Pro.97 =990 ##$$a 10.796/Pro.97 =990 ##$$a 10.795/Pro.97